| 000 | 00832nam a2200253Ia 4500 | ||
|---|---|---|---|
| 003 | OSt | ||
| 005 | 20220925180744.0 | ||
| 006 | a|||||r|||| 00| 0 | ||
| 007 | ta | ||
| 008 | 220923b |||||||| |||| 00| 0 eng d | ||
| 020 |
_a0745602592 _ceuro 2500 |
||
| 037 |
_b325, 22/09/1987, SBD _cGeneral Book |
||
| 040 |
_aRTL _cRTL _beng |
||
| 041 |
_2eng _aeng |
||
| 082 | _aX.3.M60<----K, M7 | ||
| 100 |
_aClaeys Gregory _931170 |
||
| 245 | 0 |
_aMachinery, money and the millennium _bFrom moral economic to socialism,1815-60 |
|
| 260 |
_aCambridge _bPolity Press USA _c1987 |
||
| 300 |
_axxx,244p. _ccm. |
||
| 500 | _aBibliography: P 223-239 | ||
| 650 |
_aEconomic Conditions Great Britain _9232317 |
||
| 942 |
_hX.3.M60<----K, M7 _cGB _2CC |
||
| 999 |
_c497450 _d497450 |
||